Statistiques concernant Nourriture française

Cliquez ici pour prendre le quiz!

Statistiques générales

  • Ce quiz a été pris 2 649 fois
    (2 647 depuis la dernière actualisation)
  • Le résultat moyen est 8 sur 12

Statistiques - réponses

Réponse% Correct
crêpe
100%
baguette
91%
huîtres
88%
escargots
82%
cassoulet
79%
galette
62%
pot-au-feu
58%
quiche lorraine
57%
boeuf bourguignon
55%
gratin dauphinois
52%
hachis parmentier
50%
foie gras
8%

Distribution des résultats

Percentile par nombre de réponses

% des personnes avec chaque résultat

Votre développement - résultats

Vous n’avez pas pris ce quiz depuis la dernière actualisation